3206-境港市(鳥取県)の駅 - Statistics

General Stats
  • This quiz has been taken 10 times
  • The average score is 5 of 7
Answer Stats
Answer % Correct
境港
100%
米子空港
78%
馬場崎町
78%
中浜
67%
余子
67%
上道
56%
高松町
33%
No matching quizzes found
Score Distribution
Percent of People with Each Score
Percentile by Number Answered
Your Score History
You have not taken this quiz